01990nam a2200205Ia 4500003000400000005001700004008004000021020001800061040000700079041000800086082002300094100002200117245003900139260003500178300002800213520146200241650002701703650003001730700002401760OSt20230907091942.0210210b2012 xxu||||| |||| 00| 0 eng d a9780143419648 cAL aeng a820.301 223bSINL aRavinder Singh Ed aLove stories that touched my heart aNew DelhibPenguin Booksc2012 axii,242p.bPBc20x13cm. aWe have all come across the first flush of love and recall the lingering aroma of it. For all ages love remains one of the most congenial experiences for everyone. Mankind has coined various definitions to portray this delightful feeling, yet this little word is a feeling that can’t just be characterized. It must be elaborated as stories romantic tales. The book 'Love Stories That Touched My Heart’ is compilation of those stories that came from readers all over the nation. It is a selection of such stories from readers who have a tale to share and possess a flair for writing. The collection of stories published in this book was selected from over 2000 entries that were submitted in a competition held by Penguin India. It describes all emotions connected with love - anger, frustration, anxiety, eagerness, delicateness and nervous energy. While routing through these emotions, plenty of writers in this treasury takes you through first infatuation, first breakup, love- marriage, love in the second innings, love across decades, love across genders and sexual orientations and love across generations. Nominated and edited by author Ravinder Singh, this anthology is made up of heart touching stories that will make you feel that love is the most spiritual emotion. So if you are romantic enough and love to read tales of romances that yield from the real life, then the book is ideal bet for you. The book is easily available on Amazon India. aIndian English Fiction aIndian English Literature aSINGH (Ravinder) Ed